Statistics for Skillet - Whispers In The Dark (All Lyrics)

Click here to take the quiz!

General Stats

  • This quiz has been taken 64 times
  • The average score is 213 of 254

Answer Stats

% Correct
I
96%
A
93%
Be
93%
My
93%
The
93%
To
93%
Dark
89%
Is
89%
Love
89%
Roses
89%
Tears
89%
When
89%
You
89%
Your
89%
Alone
86%
Darkness
86%
Fire
86%
For
86%
In
86%
Never
86%
No
86%
One
86%
That
86%
Turn
86%
Whispers
86%
Will
86%
You’re
86%
Comes
82%
Despite
82%
Hold
82%
Lies
82%
Making
82%
Mine
82%
Taking
82%
Waiting
82%
You’ll
82%
Hear
79%
I’ll
79%
Just
79%
Night
79%
Consuming
75%
Gonna
75%
That’s
75%
With
75%
Stars
71%
Burning
68%
Crimson
68%
Far
68%
I’m
68%
Know
68%
Light
68%
Find
64%
Run
64%
And
61%
Broken
57%
Clothe
57%
So
57%
Guide
54%
Here
54%
Lay
54%
Lonely
54%
Naked
54%
Feel
46%
Ragged
46%

Score Distribution

Percentile by Number Answered

Percent of People with Each Score

Your Score History

You have not taken this quiz